[Event "Tatarstan-ch"]
[Site "Kazan"]
[Date "2016.09.24"]
[Round "9"]
[White "Khanov, Ramil"]
[Black "Rakhimov, Danil"]
[Result "1-0"]
[WhiteElo "1952"]
[BlackElo "1588"]
[PlyCount "43"]
[EventDate "2016.09.16"]
[EventType "swiss"]
[EventRounds "9"]
[EventCountry "RUS"]
[SourceTitle "CBM 174 Extra"]
[Source "ChessBase"]
[SourceDate "2016.10.10"]
[SourceVersion "1"]
[SourceVersionDate "2016.10.10"]
[SourceQuality "1"]

1. e4 d5 2. exd5 Qxd5 3. Nc3 Qa5 4. d4 Nf6 5. h3 Bf5 6. Nf3 e6 7. Bc4 c6 8. 0-0 Qc7 9. Bg5 Nbd7 10. Re1 h6 11. Bxf6 gxf6 12. Nh4 Bh7 13. Qh5 0-0-0 14. Qxf7 Bg8 15. Qh5 e5 16. d5 Bb4 17. Re3 Bc5 18. Rf3 Kb8 19. Bb3 Nb6 20. Ne4 Nxd5 21. Nxc5 b6 22. Na6+ 1-0